The Journal of ethnic studies

Detalles Bibliográficos
Autor Corporativo: Western Washington State College. College of Ethnic Studies
Formato: Electrónico Revista
Lenguaje:inglés
Publicado: [Bellingham] [College of Ethnic Studies, Western Washington State College]
Materias:
Acceso en línea:Full text available from Research Library: 01/01/1988 to 01/31/1992

MARC

LEADER 00000nas a2200000 4500
001 ssj0006150
003 WaSeSS
005 20200512172242.0
006 m d
007 cr n
008 751101d19731992wauqr p s o0 a0eng c
010 |a  73643725  
016 |a (AMICUS)000000745890 
016 7 |a 100968700  |2 DNLM 
022 |l 0091-3219  |y 0091-3219 
035 |a (WaSeSS)ssj0006150 
037 |b Editor, Journal of Ethnic Studies, Western Washington University, American Cultural Studies, Bellingham, WA 98225 
040 |a MUL  |b eng  |c MUL  |d YUS  |d MUL  |d DLC  |d NSD  |d DLC  |d NSD  |d NST  |d AIP  |d NSD  |d NST  |d AIP  |d OCL  |d NST  |d EBZ  |d NST  |d IUL  |d HUL  |d NST  |d NLM  |d OCLCQ  |d CUS  |d OCLCF  |d OCLCO  |d OCLCQ  |d Y5J  |d NLC  |d DLC  |d OCLCQ  |d GILDS  |d CEF  |d CPO  |d OCLCQ  |d OCLCO  |d OCLCQ  |d HTM  |d OCLCQ  |d WaSeSS 
042 |a pcc  |a nsdp 
043 |a n-us--- 
050 0 0 |a E184.A1  |b J68 
060 4 |a 015009796 
082 0 4 |a 301.45/1/0973 
210 0 |a J. ethn. stud. 
222 0 |a Journal of ethnic studies 
245 0 4 |a The Journal of ethnic studies  |h [electronic resource]. 
246 1 3 |a JES 
260 |a [Bellingham]  |b [College of Ethnic Studies, Western Washington State College] 
362 0 |a v. 1- spring 1973- 
362 1 |a Ceased with v. 19, no. 4 in 1991-92.  |z Cf. Letter from publisher. 
506 |a License restrictions may limit access. 
650 0 |a Minorities  |z United States  |v Periodicals. 
650 7 |a Minorities.  |2 fast  |0 (OCoLC)fst01023088 
651 7 |a United States.  |2 fast  |0 (OCoLC)fst01204155 
655 0 |a Electronic journals. 
710 2 |a Western Washington State College.  |b College of Ethnic Studies. 
850 |a AU  |a CCC  |a CStclU  |a CaBVaS  |a CaMBC  |a CaMWU  |a CaMWUC  |a CaOONL  |a DLC  |a DeU  |a GEU  |a IC  |a InU  |a KyLoU  |a KyU  |a MH  |a MH-Ed  |a MoKU  |a MsU  |a NN  |a NRU  |a NdU  |a OrCS  |a P  |a T  |a TxArU  |a ViBlbV  |a ViU  |a ViW 
856 4 0 |z Full text available from Research Library: 01/01/1988 to 01/31/1992  |u https://search.proquest.com/publication/48223